Qué es la literatura: el último diario de Charles De Bus

Збережено в:
Бібліографічні деталі
Автор: Du Bos, Charles (Автор)
Формат: Книга
Мова:Іспанська
Опубліковано: Buenos Aires Troquel 1955
Серія:Díalogos del Presente, 2
Предмети:
Теги: Додати тег
Немає тегів, Будьте першим, хто поставить тег для цього запису!

MARC

LEADER 00000nam a2200000 a 4500
001 UCY6011
003 CL-VaPUC
008 950521e19550000AG |||||||||||||||||spa|d
082 0 4 |a 844  |b DUB  |2 21 
100 0 |a Du Bos, Charles  |e author  |9 319141 
245 1 0 |a Qué es la literatura: el último diario de Charles De Bus 
300 |a 185 p 
942 |c BK 
945 |d 19950521 00:00:00  |a rbrito 
260 |a Buenos Aires  |b Troquel  |c 1955 
650 0 |a Ensayos franceses  |9 265511 
583 |a last modification  |c 19950521 00:00:00  |k Rodrigo Vera 
490 0 |a Díalogos del Presente, 2 
999 |c 233604  |d 233602 
952 |0 0  |1 0  |4 0  |6 844_000000000000000_DUB_1955  |7 0  |8 A  |9 239229  |a BIBEDU  |b BIBEDU  |d 2019-11-18  |i 2002051  |o 844 DUB 1955  |p 2002051  |r 2019-11-18  |w 2019-11-18  |y BK  |k LIT 
952 |0 0  |1 0  |4 0  |6 844_000000000000000_DUB_1955  |7 0  |8 A  |9 239230  |a BIBEDU  |b BIBEDU  |d 2019-11-18  |i 1337432  |o 844 DUB 1955  |p 1337432  |r 2019-11-18  |w 2019-11-18  |y BK  |k LIT